| 000 | 00851nas a2200253 4500 | ||
|---|---|---|---|
| 001 | BR9510501 | ||
| 003 | BR-BrBNA | ||
| 005 | 20231205095552.0 | ||
| 007 | ta | ||
| 008 | 230509b bl.|||p| |||| 00| 00por d | ||
| 040 |
_aBR-BrBNA _bpor _cBiblioteca Nacional de Agricultura |
||
| 041 | _a(Pt) | ||
| 072 | _aF08; F62 | ||
| 100 | 1 | _aSampaio, A.C. | |
| 100 | 1 | _aAraujo, J.A.C. de | |
| 100 | 1 | _aRuggiero, C. | |
| 245 | 1 | _aEfeito da cobertura do solo com filme plastico preto sobre o desenvolvimento do abacaxizeiro (Ananas comosus (L.)Merril), cv. Smooth cayenne. Parte 1 - Crescimento vegetativo | |
| 650 | _aAbacaxi | ||
| 650 | _aPlasticultura | ||
| 650 | _aCrescimento | ||
| 773 | 0 |
_tCultura Agronomica (Brazil) _xISSN 0104-1010 _g(Dec 1993), v. 2(1) p. 141-149 _wBR9510501 |
|
| 909 |
_a202311 _bLúcia _c55 _dLúcia Elande |
||
| 942 |
_2AGRIS _n0 _cANA |
||
| 999 |
_c151410 _d151410 |
||